| 000 | 00000nas 2200000zi 4500 |
| 001 | 9.915458 |
| 003 | CaOODSP |
| 005 | 20250620120536 |
| 006 | m o d f |
| 007 | cr ||||||||||| |
| 008 | 220915c20209999abcar p o f0###a0eng|d |
| 040 | |aCaOODSP|beng|erda|cCaOODSP |
| 043 | |an-cn--- |
| 086 | 1 |aNE2-33E-PDF |
| 110 | 2 |aCanada Energy Regulator.|eauthor,|eissuing body. |
| 245 | 10|aStatement of management responsibility including internal control over financial reporting. |
| 264 | 1|a[Calgary] : |bCanada Energy Regulator = Régie de l’énergie du Canada, |c[2020]- |
| 310 | |aAnnual |
| 336 | |atext|btxt|2rdacontent |
| 337 | |acomputer|bc|2rdamedia |
| 338 | |aonline resource|bcr|2rdacarrier |
| 362 | 1 |aBegan with: March 31, 2020. |
| 500 | |aIssued also in French under title: Déclaration de responsabilité de la direction englobant le contrôle interne en matière de rapports financiers. |
| 588 | |aDescription based on: March 31, 2020. |
| 588 | |aLatest issue consulted: March 31, 2021. |
| 610 | 20|aCanada Energy Regulator|xAppropriations and expenditures|vPeriodicals. |
| 650 | 0|aFinance, Public|zCanada|vPeriodicals. |
| 655 | 7|aPeriodicals|2lcgft |
| 775 | 08|tDéclaration de responsabilité de la direction englobant le contrôle interne en matière de rapports financiers.|w(CaOODSP)9.915459 |